The bad luck vampire / Lynsay Sands.
Available copies
- 2 of 2 copies available at LARL/NWRL Consortium.
- 2 of 2 copies available at Lake Agassiz Regional Library. (Show preferred library)
Current holds
0 current holds with 2 total copies.
Show Only Available Copies
| Location | Call Number / Copy Notes | Barcode | Shelving Location | Status | Due Date |
|---|---|---|---|---|---|
| Ada Public Library | SAN (Text) | 33500013879689 | Main | Available | - |
| Detroit Lakes Public Library | SAN (Text) | 33500013879671 | Main | Available | - |
Record details
- ISBN: 9780063292109
- ISBN: 0063292106
- Physical Description: 373 pages ; 17 cm.
- Edition: First edition.
- Publisher: New York, NY : Avon, an [2023]
- Copyright: ©2023
Content descriptions
| Summary, etc.: | "Alasdair MacKenzie has never once considered ... Read More |
Search for related items by subject
| Subject: | Man-woman relationships > Fiction. Immortalism > Fiction. Vampires > Fiction. |
| Genre: | Vampire fiction. Romance fiction. Paranormal fiction. Novels. |
Search for related items by series
| LDR | 03052cam a22006258i 4500 | ||
|---|---|---|---|
| 001 | 419804 | ||
| 003 | LARL_NWRL_CONSORTIUM | ||
| 005 | 20231006143910.0 | ||
| 008 | 230123s2023 nyu e 000 1 eng | ||
| 010 | . | ‡a 2023002542 | |
| 040 | . | ‡aDLC ‡beng ‡erda ‡cDLC ‡dYDX ‡dBDX ‡dOCLCF ‡dOI6 ‡dOCLCO | |
| 019 | . | ‡a1357013609 | |
| 020 | . | ‡a9780063292109 ‡q(paperback) | |
| 020 | . | ‡a0063292106 ‡q(paperback) | |
| 020 | . | ‡z9780063292116 ‡q(Digital Edition) | |
| 035 | . | ‡a(OCoLC)1357014078 ‡z(OCoLC)1357013609 | |
| 042 | . | ‡apcc | |
| 082 | 0 | 0. | ‡a813/.54 ‡223/eng/20230123 |
| 100 | 1 | . | ‡aSands, Lynsay, ‡eauthor. ‡0(LARL_NWRL_CONSORTIUM)145390 |
| 245 | 1 | 4. | ‡aThe bad luck vampire / ‡cLynsay Sands. |
| 250 | . | ‡aFirst edition. | |
| 264 | 1. | ‡aNew York, NY : ‡bAvon, an ‡c[2023] | |
| 264 | 4. | ‡c©2023 | |
| 300 | . | ‡a373 pages ; ‡c17 cm. | |
| 336 | . | ‡atext ‡btxt ‡2rdacontent | |
| 337 | . | ‡aunmediated ‡bn ‡2rdamedia | |
| 338 | . | ‡avolume ‡bnc ‡2rdacarrier | |
| 490 | 0 | . | ‡aArgeneau ; ‡v36 |
| 520 | . | ‡a"Alasdair MacKenzie has never once considered himself unlucky in all the centuries he's been an immortal rogue enforcer. Not until he meets Sophie. Finding the beautiful, smart, and funny woman who is his life mate is great luck, actually. But meeting her at a wedding full of Argeneaus, not to mention his own busybody uncles determined to "help him claim his woman," is bad luck. And the fact that Sophie is someone else's date? Well that's just the next level of unlucky. From the way her gaze travels over his body like a caress to the electric zing whenever they innocently touch...he has to have her! He'll keep his hands off Sophie until her date is over. After that all bets are off and he'll pull out all the stops to win her for eternity. Great plan-until he gets hit by a car. And then he's poisoned. Is his luck that bad, or is someone out to stop this immortal from claiming Sophie as his life mate?"-- ‡cProvided by publisher. | |
| 650 | 0. | ‡aMan-woman relationships ‡vFiction. ‡0(LARL_NWRL_CONSORTIUM)165985 | |
| 650 | 0. | ‡aImmortalism ‡vFiction. ‡0(LARL_NWRL_CONSORTIUM)165221 | |
| 650 | 0. | ‡aVampires ‡vFiction. ‡0(LARL_NWRL_CONSORTIUM)167805 | |
| 655 | 7. | ‡aVampire fiction. ‡2lcgft | |
| 655 | 7. | ‡aRomance fiction. ‡2lcgft | |
| 655 | 7. | ‡aParanormal fiction. ‡2lcgft | |
| 655 | 7. | ‡aNovels. ‡2lcgft | |
| 776 | 0 | 8. | ‡iOnline version: ‡aSands, Lynsay. ‡tBad luck vampire ‡bFirst Edition. ‡dNew York, NY : Avon, [2023] ‡z9780063292116 ‡w(DLC) 2023002543 |
| 901 | . | ‡a419804 ‡bOCoLC ‡c419804 ‡tbiblio ‡soclc | |

Add to basket
Permalink
Disable Highlighting